Geography Quiz

Random Geography or Asia Quiz

The India Quiz Stats

 Plays Quiz Updated Dec 7, 2017

Challenge
Share
Tweet
Embed
Score 0/50 Timer 07:00
2 Plays Today
Hint Answer % Correct
Primary Flag ColorGreen
96.9%
Primary Flag ColorWhite
96.1%
Primary Flag ColorSaffron
94%
Lowest Point (0 m)Indian Ocean
93%
Bordering OceanIndian Ocean
92.9%
Nationality (Demonym)Indian
92.8%
Capital CityNew Delhi
92.3%
Second Largest CityDelhi
92.3%
Bordering CountryPakistan
90.5%
Bordering CountryChina
88.6%
Largest ReligionHinduism
88.4%
Bordering CountryNepal
87%
Largest CityMumbai
86.6%
ContinentAsia
85.1%
Bordering CountryBangladesh
82.9%
Official Language (of Government)Hindi
81.3%
Most Popular SportCricket
80.6%
Drives on the...Left
77.7%
Official Language (of Government)English
74.9%
Age of Suffrage 18
73.6%
Independence fromUnited Kingdom
73.6%
Bordering CountryBhutan
73.1%
CurrencyIndian Rupee (INR)
72.8%
Bay of...Bay of Bengal
71.7%
Father of the NationMohandas Gandhi
71.1%
Hint Answer % Correct
Bordering CountryMyanmar
70.1%
Official NameRepublic of India
67.2%
Longest RiverGanges River
67%
Largest Mountain RangeHimalayas
60.8%
Fourth Largest CityKolkata
59.9%
Famous MausoleumTaj Mahal
58.8%
# of States29
54.1%
Famous Capital City FortRed Fort
47.4%
National AnimalTiger
45.3%
Fifth Largest CityChennai
41.6%
Prime MinisterNarendra Modi
40.5%
Third Largest CityBangalore
39.7%
Bordering SeaArabian Sea
37.3%
Smallest StateGoa
33.2%
National BirdIndian Peafowl
29.1%
Largest DesertThar Desert
28.9%
National GameField hockey
27.3%
National AnthemJana Gana Mana
25.6%
Republic DayJanuary 26, 1950
23.4%
Largest StateRajasthan
23%
PresidentRam Nath Kovind
22.3%
Official MottoTruth Alone Triumphs
15.3%
Bordering SeaAndaman Sea
14.9%
Highest Point (8,598 m)Kangchenjunga
13.3%
Bordering SeaLaccadive Sea
8.7%

You're not logged in!

Compare scores with friends on all Sporcle quizzes.
Join for Free
OR
Log In

You Might Also Like...

Show Comments

Extras

Top Quizzes Today


Score Distribution

Your Account Isn't Verified!

In order to create a playlist on Sporcle, you need to verify the email address you used during registration. Go to your Sporcle Settings to finish the process.

Report this User

Report this user for behavior that violates our Community Guidelines.

Details: